Laufey Lyrics - Lover Girl - Statistics

General Stats
  • This quiz has been taken 102 times
  • The average score is 183 of 228
Answer Stats
Lyrics % Correct
I
98%
a
97%
in
97%
The
97%
the
97%
to
97%
be
95%
you
93%
girl,
92%
girl
92%
love
92%
me,
92%
me
92%
I’m
89%
begins
87%
causing
87%
countdown
87%
day
87%
her
87%
lover
87%
Tokyo
87%
vertigo
87%
fever
85%
skyscraper’s
85%
20
84%
I’d
84%
it
84%
reckless
84%
way
84%
job
82%
on
82%
tease
82%
Without
82%
you’ve
82%
You’ve
82%
by
80%
done
80%
is
80%
my
80%
never
80%
Oh,
80%
sir
80%
Thought
80%
Lovestruck
79%
mind
79%
Quite
79%
what
79%
What
79%
world
79%
been
77%
curse
77%
days
77%
million
77%
parties
77%
27
75%
cope
75%
hosting
75%
means
75%
This
75%
this
75%
alone
74%
have
74%
overtime
74%
ways
74%
working
74%
found
64%
wait
64%
How
62%
nowhere
62%
down
61%
independent
61%
can’t
59%
feelings
59%
lady
59%
see
57%
another
56%
get
56%
like
56%
wrote
56%
high
54%
creative,
52%
Forced
52%
school
52%
movie
51%
embarassing
43%
phone
43%
Think
43%
running
41%
hallucinating
39%
you’ll
39%
come
38%
Dream
36%
become
34%
whole
34%
shows
31%
wings
23%
at
20%
God,
13%
No matching quizzes found
Score Distribution
Percent of People with Each Score
Percentile by Number Answered
Your Score History
You have not taken this quiz